000 00356nam a2200145 4500
008 190319s1976||||xo d
245 1 0 _aDalší rozvoj ceskoslovenskej výchovnovzdelávacej sústavy
250 _a1. vydanie
260 _bSPN
_aBratislava
_c1976
300 _a83 s.
020 _c0
041 1 _aslo
044 _axo
_cSK
958 _aAPR
999 _c22245
_d22245